000 02601nam0a2200337 4500
001 RU\NLR\BIBL_A\022654811
005 20260408122015.0
010 _a978-5-00259-034-6
_9300
035 _a(NLR Aleph) 022654811
090 _a13510203
_c13510203
100 _a20251027d2025 u y0rusy50 ca
101 0 _arus
102 _aRU
105 _aa|||j|||000yy
181 0 _ai3
_baxxe
182 0 _an
200 1 _aМеханизмы пищеварения. Функции желудочно-кишечного тракта от ротовой полости до тонкого кишечника
_eучебное пособие по физиологии для студентов медицинских вузов и медицинских факультетов университетов
_fО. П. Петрова, кандидат биологических наук, доцент, Е. В. Лопатина, доктор биологических наук, профессор
_gФедеральное государственное бюджетное образовательное учреждение высшего образования "Первый Санкт-Петербургский государственный медицинский университет имени академика И. П. Павлова" Министерства здравоохранения Российской Федерации, Кафедра нормальной физиологии
203 _aТекст
_bвизуальный
_cнепосредственный
210 _aСанкт-Петербург
_cРИЦ ПСПбГМУ
_d2025
215 _a47, [1] с.
_cил., табл.
_d21
300 _aАвт. указаны на обороте тит. с.
606 1 _aЖелудочно-кишечный тракт
_jУчебные издания для высших учебных заведений
_xФизиология
_91395617
_3RU\NLR\AUTH\66274069
686 1 _aЕ93я731
700 1 _aПетрова
_bО. П.
_cканд. биол. наук
_gОльга Павловна
_9223115
_3RU\NLR\AUTH\770223171
701 1 _aЛопатина
_bЕ. В.
_gЕкатерина Валентиновна
712 0 2 _4570
_aСанкт-Петербургский государственный медицинский университет им. И. П. Павлова
_bКафедра нормальной физиологии
_3RU\NLR\AUTH\880404571
_9476120
942 _cBOOK
980 _aNB